| 000 | 01790nam a2200457Ii 4500 | ||
|---|---|---|---|
| 001 | DIGEUDE208 | ||
| 003 | NyNyDIG | ||
| 006 | m o d | ||
| 007 | cr ||||||||||| | ||
| 008 | 230708s2017 ag ob 000 0 spa d | ||
| 035 | _a(OCoLC)1390760401 | ||
| 040 |
_aDGITA _beng _erda _epn _cDGITA |
||
| 020 |
_a9789502328058 _qedición digital (ePub) |
||
| 020 | _z9789502327709 | ||
| 050 | 1 | 4 | _aBD418.3 ebook |
| 082 | 0 | 4 |
_a128.2 _223 |
| 100 | 1 |
_aBroncano, F. _q(Fernando), _eauthor. |
|
| 245 | 1 | 0 |
_aRacionalidad, acción y opacidad : _bsujetos vulnerables en tierras libres / _cFernando Broncano. |
| 250 | _aPrimera edición en formato digital. | ||
| 264 | 1 |
_aCiudad de Buenos Aires : _bEudeba, _c[2017] |
|
| 300 | _a1 online resource. | ||
| 336 |
_atext _btxt _2rdacontent |
||
| 337 |
_acomputer _bc _2rdamedia |
||
| 338 |
_aonline resource _bcr _2rdacarrier |
||
| 347 |
_atext file _2rdaft |
||
| 347 | _bEPUB | ||
| 490 | 1 | _aTemas. Filosofía | |
| 500 | _a"Conferencias Juan Rodríguez Larreta de la Sociedad Argentina de Análisis Filosófico". | ||
| 504 | _aIncludes bibliographical references. | ||
| 588 | 0 | _aOnline resource; title from ePub title page (Digitalia, viewed July 8, 2023) | |
| 650 | 0 | _aRationalism. | |
| 650 | 0 | _aPhilosophy of mind. | |
| 650 | 0 | _aAct (Philosophy) | |
| 791 | 2 |
_aDigitalia (Firm), _edistributor. |
|
| 793 | 0 |
_gDigitalia eBook Collection: _aEudeba |
|
| 776 | 0 | 8 |
_iPrint version: _aBroncano, F. (Fernando). _tRacionalidad, acción y opacidad. _bPrimera edición. _dCiudad de Buenos Aires : Eudeba, [2017] _z9789502327709 |
| 830 | 0 |
_aTemas (Editorial Universitaria de Buenos Aires). _pFilosofía. |
|
| 856 | 4 | 0 |
_3Digitalia Hispánica _uhttps://www.digitaliapublishing.com/a/128389/ |
| 910 | _aPremium collection: 2023 | ||
| 942 | _cRAA | ||
| 999 |
_c279463 _d279463 |
||